América Latina : las razones de la ira /

Guardado en:
Detalles Bibliográficos
Autor principal: Estrella Vintimilla, Pablo (autor)
Formato: Libro
Idioma:Español
Publicado: Cuenca, Ecuador : Universidad de Cuenca, Instituto de Investigaciones Sociales, 1983, c1983
Temas:
Etiquetas: Agrega una etiqueta
Sin etiquetas, Sé el primero en etiquetar este registro!

MARC

LEADER 00000nam^a2200000^a^4500
001 000389030
005 20250521000000.0
009 20260310121111.281
037 |a Acervo ITESO - Biblioteca 
041 |a ESP 
082 |a 320. 980  |b EST 
100 |a Estrella Vintimilla, Pablo  |e (autor) 
245 1 0 |a América Latina :  |b las razones de la ira /  |c P. Estrella Vintimilla ; presen. de Adrián Carrasco Vintimilla. 
264 4 |a Cuenca, Ecuador :  |b Universidad de Cuenca, Instituto de Investigaciones Sociales,  |c 1983, c1983 
300 |a 332 p. 
336 |a texto  |b txt  |2 rdacontenido 
337 |a sin mediación  |b n  |2 rdamedio 
338 |a volumen  |b nc  |2 rdasoporte 
649 |a XX 
650 |a Jefes de Estado Norteamericanos 
650 |a Intervención Militar de EUA 
650 |a Intervención Militar en Latinoamérica 
650 |a Imperialismo 
650 |a Inversiones 
650 |a Política Exterior -  |z EUA -  |x Historia -  |y Siglo XX 
650 |a Política -  |z EUA -  |x Historia -  |y Siglo XX 
650 |a Latinoamérica -  |x Condiciones Políticas 
650 |a Carter, James Earl 
650 |a Reagan, Ronald 
600 |a Roosevelt, Franklin D. 
600 |a Kennedy, John F. 
910 |a Fondo Carlos Núñez Hurtado 
920 |a Impresos - Libros 
930 |a Fondos Especiales 
905 |a 117 
901 |a 0500283543  |b IT2  |c ESP  |i d80859  |u 20250521 
902 |a https://opac.biblio.iteso.mx/vufind/Record/000389030